| 000 | 00623nam a2200205Ia 4500 | ||
|---|---|---|---|
| 005 | 20230522135426.0 | ||
| 008 | 131103s9999 xx 000 0 und d | ||
| 040 | _aLoreto College | ||
| 041 | _aEnglish | ||
| 082 |
_aTAG 891.44 _bTAG-BHA |
||
| 100 | _aBhattacharya, Udayan | ||
| 245 |
_aTagore _b verse and versatility _cedited by Udayan Bhattacharya and Pathikrit Banerjee |
||
| 260 |
_aMumbai _bShahana _c2001 |
||
| 300 | _a218p | ||
| 650 | _aTagore, Rabindranath, 1861-1941 - Criticism and Interpretation | ||
| 651 | _aBengali Literature | ||
| 700 | _aBanerjee, Pathikrit, ed. | ||
| 850 | _aLCLIB | ||
| 942 | _cBK | ||
| 999 |
_c16917 _d67396 |
||